000 01480nam a2200313 4500
001 44280
003 BD-RjUL
005 20211209053829.0
008 160716m20011976bg ||||| |||| 00| 0 ben d
020 _c: TK 20.66. (V-1: 4th Printing, 1978)
020 _c: TK 54.50 (V-2: 3rd printing, 1979)
020 _c: TK 42.00 (V-3: 2nd printing, 1976)
020 _c: TK 44.00 (V-4: 2nd printing, 1977)
020 _c: TK 44.00 (V-5: 1st printing, 1979)
020 _c: TK 46.00 (V-6: 1st printing, 1980)
035 _a(BD-RjUL)44398
040 _aBD-RjUL
_bben
_cBD-RjUL
041 _aben
082 _223
_a297.12516
_bAJB V-1-6 1976-1980
100 1 _aআ'জমী, নূর মোহাম্মদ
_9135947
245 1 0 _aবঙ্গানুবাদ ও ব্যাখ্যাসহ মেশকাত শরীফ /
_cনূর মোহাম্মদ আ'জমী
246 _aমেশকাত শরীফ
260 _aঢাকা :
_bএমদাদিয়া লাইব্রেরী,
_c১৯৭৬-১৯৮০ [১ম-৪র্থ মুদ্রণ]
300 _a খণ্ড ;
_c২২ সেমি.
505 0 _aখণ্ড ১ -- খণ্ড ২ --খণ্ড ৩ -- খণ্ড ৪ -- খণ্ড ৫ -- খণ্ড ৬ --
650 _aহাদীস
_xবঙ্গানুবাদ ও ব্যাখ্যা
_9237234
650 _aHadith
_xBengali Translation and Interpretation
_9237235
942 _2ddc
_cBK
999 _c44280
_d44280